Estadísticas para Países europeos con más / menos facilidad para los negocios

Haz click aquí para tomar la prueba!

Estadísticas generales

  • Esta prueba ha sido tomada 24 veces
  • La puntuación promedio es 16 de 20

Estadísticas de respuestas

Clasificación mundialPaís% Correcto
#22Alemania
100%
#8Reino Unido
95%
#20Finlandia
90%
#10Suecia
90%
#9Noruega
86%
#58Italia
81%
#64Ucrania
81%
#79Grecia
81%
#88Malta
76%
#61Bulgaria
76%
#72Luxemburgo
76%
#4Dinamarca
76%
#17Macedonia del Norte
76%
#19Letonia
71%
#18Estonia
71%
#92San Marino
71%
#82Albania
67%
#11Lituania
67%
#90Bosnia y Herzegovina
62%
Sin clasificarLiechtenstein
62%

Distribución de puntuación

Porcentaje por número respondido

Porcentaje de gente con cada puntuación

Historial de tus puntuaciones

No has tomado esta prueba